Iban smallholders and price instabilities : coping strategies and implications for policy /
Saved in:
| Main Author: | |
|---|---|
| Format: | Thesis Book |
| Language: | English |
| Published: |
1996.
|
| Subjects: | |
| Online Access: | http://studentsrepo.um.edu.my/id/eprint/3074 |
| Tags: |
Add Tag
No Tags, Be the first to tag this record!
|
| LEADER | 01481cam a2200337 a 4500 | ||
|---|---|---|---|
| 001 | u414005 | ||
| 003 | SIRSI | ||
| 008 | 970729s1996 my t 00 1 eng m | ||
| 035 | |a ACD-5841 | ||
| 040 | |a UMM | ||
| 043 | |a a-my-sr | ||
| 090 | |a HD2080.6 |b Z9S3Jeg | ||
| 090 | |a HD2080.6 |b Z9S3Jeg | ||
| 091 | |a Microfiche 13912 | ||
| 100 | 0 | 0 | |a Jegak Uli. |
| 245 | 1 | 0 | |a Iban smallholders and price instabilities : |b coping strategies and implications for policy / |c Jegak Uli. |
| 260 | 0 | |c 1996. | |
| 300 | |a xxiv, 380 leaves : |b ill. ; |c 30 cm. | ||
| 500 | |a Microfiche. Kuala Lumpur : University of Malaya Library, 1999. 5 fiches : negative ; 11 x 15 cm. | ||
| 502 | |a Thesis (Ph.D.) -- Institut Pengajian Siswazah dan Penyelidikan, Universiti Malaya, 1997. | ||
| 504 | |a Bibliography : leaves 331-344 | ||
| 650 | 0 | |a Rural families |z Sarawak |x Economic conditions. | |
| 650 | 0 | |a Farmers |z Sarawak |x Economic conditions. | |
| 650 | 0 | |a Rural families |z Sarawak |x Employment. | |
| 710 | 0 | |a Universiti Malaya. |b Institut Pengajian Siswazah dan Penyelidikan. | |
| 856 | 4 | 1 | |u http://studentsrepo.um.edu.my/id/eprint/3074 |
| 948 | |a 29/07/1997 |b 10/09/2003 | ||
| 596 | |a 1 | ||
| 999 | |a HD2080.6 Z9S3JEG |w LC |c 1 |i A505607507 |l B_KOM4 |m P01UTAMA |r Y |s Y |t TESIS |u 31/7/1997 | ||
| 999 | |a HD2080.6 Z9S3JEG |w LC |c 2 |i A505996150 |d 19/9/2014 |e 19/9/2014 |l STACKS |m P01UTAMA |n 2 |r Y |s Y |t TESIS |u 28/8/1997 | ||
| 999 | |a HD2080.6 Z9S3JEG [ABST] |w LC |c 1 |i A505996070 |l B_KOM4 |m P01UTAMA |r Y |s Y |t TESIS |u 28/8/1997 |o .PUBLIC. BKOM 4 : 28341 | ||
